| 000 | 00636nam a22001697a 4500 | ||
|---|---|---|---|
| 005 | 20251108165405.0 | ||
| 008 | 250721s1986 xx 000 0 ara d | ||
| 082 | 1 | 4 | _aم/213/يوس |
| 100 | 1 | _aالمرعشلي، يوسف عبد الرحمن | |
| 245 | 1 | 0 | _aفهرس أحاديث تلخيص الحبير في تخريج أحاديث الرافعي الكبير لأبي الفضل شهاب الدين أحمد بن علي العسقلاني / |
| 264 | 1 |
_aبيروت : _bدار المعرفه، _c1986. |
|
| 300 | _a468ص | ||
| 650 | 1 | 7 | _aالإسلام |
| 650 | 1 | 7 | _aالحديث الشريف |
| 942 |
_2ddc _cREF |
||
| 999 |
_c26780 _d26780 |
||